| 000 | 00407nam a2200157Ia 4500 | ||
|---|---|---|---|
| 008 | 131103s9999 xx 000 0 und d | ||
| 040 | _aLoreto College | ||
| 041 | _aEnglish | ||
| 082 |
_aREF _bLCBED/10546 |
||
| 245 |
_aUniversity B.ED., B.T. question & answers _b in English |
||
| 260 |
_aCalcutta _bSoma Book _c[19?] |
||
| 300 |
_a205p. _c 21cm. |
||
| 650 | _aREF | ||
| 850 | _aLCBED/REF | ||
| 942 | _cBK | ||
| 999 |
_c34603 _d85082 |
||